| 000 | 00496nam a2200157 i 4500 | ||
|---|---|---|---|
| 001 | 168353 | ||
| 003 | ES-MaACL | ||
| 005 | 20230906213745.0 | ||
| 008 | 080327s1837 sp |||| | spa d | ||
| 245 | 0 | 4 | _a[El remedio de España]. |
| 260 |
_a[Madrid : _bs.n., _c1837] ( _fImp. a cargo de Diego Negrete) |
||
| 300 |
_a8 p. ; _c20 cm. |
||
| 594 | _aTít. tomado del inicio del texto. | ||
| 596 | _aPie de imprenta tomado del colofón. | ||
| 852 | 4 |
_aES-MaACL _jT-12-F-7 _z- Ejemp. falto de portada |
|
| 999 |
_c168353 _d168353 |
||